Journey with Jesus; A Guide Book for who follows his footsteps (Record no. 3732)
[ view plain ]
| 000 -LEADER | |
|---|---|
| fixed length control field | 00402nam a22001457a 4500 |
| 008 - FIXED-LENGTH DATA ELEMENTS--GENERAL INFORMATION | |
| fixed length control field | 250602b |||||||| |||| 00| 0 eng d |
| 020 ## - INTERNATIONAL STANDARD BOOK NUMBER | |
| ISBN | 978978905314 |
| 100 ## - MAIN ENTRY--AUTHOR | |
| Author | Krouse Bob |
| 245 ## - TITLE STATEMENT | |
| Title | Journey with Jesus; A Guide Book for who follows his footsteps |
| 260 ## - PUBLICATION, DISTRIBUTION, ETC. (IMPRINT) | |
| Place of publication | Plateau |
| Name of publisher | Acts Bookshop |
| Date of publication | 2012 |
| 300 ## - COLLATION | |
| Pagination | 224p |
| 650 ## - TRACINGS | |
| Main Subject | Jesus Christ Biblical Teaching |
| 942 ## - ADDED ENTRY ELEMENTS (KOHA) | |
| Item type | Books |
| 050 ## - LIBRARY OF CONGRESS CALL NUMBER | |
| Classification number | BV4510 |
| Item number | .K76 |
| Source of classification or shelving scheme | Not for loan | Permanent location | Current location | Date acquired | Accession No. | Full call number | Barcode. | Koha item type |
|---|---|---|---|---|---|---|---|---|
| Library of Congress Classification | Samuel Ogbemudia Main Library, University of Abuja | Samuel Ogbemudia Main Library, University of Abuja | 06/02/2025 | 2025/6484647 | BV45103.K76 | 2025-2292 | Books | |
| Library of Congress Classification | Samuel Ogbemudia Main Library, University of Abuja | Samuel Ogbemudia Main Library, University of Abuja | 06/02/2025 | 2025/6484647 | BV45103.K76 | 2025-2293 | Books |